YARALI SERÇE (Record no. 643414)
[ view plain ]
| 000 -LEADER | |
|---|---|
| sabit uzunluktaki kontrol alanı | 00237nam a2200097Ia 4500 |
| 001 - KONTROL NUMARASI | |
| kontrol alanı | 643414 |
| 005 - EN SON İŞLEMİN TARİH VE ZAMANI | |
| kontrol alanı | 20250826153545.0 |
| 008 - SABİT-UZUNLUKTA VERİ ÖĞELERİ--GENEL BİLGİ | |
| sabit uzunluktaki kontrol alanı | 250824s9999 xx 000 0 und d |
| 245 #0 - ESER / YAZAR | |
| ESER ADI | YARALI SERÇE |
| Yazar Adı | HASAN NAİL CANAT |
| 260 ## - YAYIN, DAĞITIM, VB. | |
| YAYIN EVİ | GENÇ TİMAŞ |
| Düşüm durumu | Kayıp durumu | Hasar Durumu | Ödünç verilmez | Ana kütüphane | Geçerli Kütüphane | Edinilen tarih | Toplam ödünç verme sayısı | Barkod | Son görüntüleme tarihi | Fiyatın geçerli olmaya başladığı tarih | Koha materyal türü | Sınıflandırma Kaynağı veya raf şeması | Son ödünç verme tarihi |
|---|---|---|---|---|---|---|---|---|---|---|---|---|---|
| AKINCILAR AHMET HAŞHAŞ İLKOKULU | AKINCILAR AHMET HAŞHAŞ İLKOKULU | 24.08.2025 | 10041086 | 26.08.2025 | 26.08.2025 | Books | |||||||
| MAHMUT SAMİ RAZAMANOĞLU KIZ İMAM HATİP LİSESİ | MAHMUT SAMİ RAZAMANOĞLU KIZ İMAM HATİP LİSESİ | 22.09.2025 | 1 | 110012003 | 02.10.2025 | 22.09.2025 | Books | Dewey Ondalık Sınıflama | 23.09.2025 |